000
00222nam a22000857a 4500
008
230810b |||||||| |||| 00| 0 eng d
020
_a
9780590483452
100
_a
Goosebumps (The Horror at Camp JellyJam
_9
7707
245
_a
Stine
999
_c
12396
_d
12396